Návrh systému pre identifikáciu atypického správania

Uložené v:
Podrobná bibliografia
Hlavný autor: Móder, Matej (Autor)
Ďalší autori: Sekaj, Ivan (Vedúci práce)
Médium: Rukopis Kniha
Jazyk:Slovak
Vydavateľské údaje: Bratislava : STU v Bratislave FEI, 2022
Predmet:
On-line prístup:https://opac.crzp.sk/?fn=detailBiblioForm&sid=2990E1F3D3E255467A843259E9F3&seo=CRZP-detail-kniha
Tagy: Pridať tag
Žiadne tagy, Buďte prvý, kto otaguje tento záznam!

MARC

LEADER 00000ntm a22000003a 4500
001 stuzp87554
003 SK-STU
005 20220920110102.6
007 ta
008 150427s2015----xo-----f-mn---000-0-slo-d
040 |a STU  |b slo 
041 0 |a slo 
044 |a xo 
100 1 |a Móder, Matej  |u 031000  |4 aut  |U FEI Fakulta elektrotechniky a informatiky  |T FEI Ústav robotiky a kybernetiky  |X 92615  |U E011  |Y 356  |7 92615 
242 0 1 |a Design of a system for identification of atypical behavior  |y eng 
245 1 0 |a Návrh systému pre identifikáciu atypického správania 
260 |a Bratislava :  |b STU v Bratislave FEI,  |c 2022 
300 |a 51 s., príl. 
650 4 |a detekcia akcií v priestore a čase  |2 slo 
650 4 |a konvolučné neurónové siete  |2 slo 
650 4 |a AVA  |2 slo 
650 4 |a Nvidia Jetson AGX Xavier  |2 slo 
650 4 |a Nvidia Jetson AGX Xavier  |2 eng 
650 4 |a convolutional neural networks  |2 eng 
650 4 |a AVA  |2 eng 
650 4 |a spatio temporal action detection  |2 eng 
700 1 |a Sekaj, Ivan  |u 031000  |k Z1  |4 ths  |U FEI Fakulta elektrotechniky a informatiky  |T FEI Ústav robotiky a kybernetiky  |X 4946  |U E011  |Y 356  |7 A000004946 
856 4 |u https://opac.crzp.sk/?fn=detailBiblioForm&sid=2990E1F3D3E255467A843259E9F3&seo=CRZP-detail-kniha